Analysis of wage disparities across Slovak district during 2001-2015

Saved in:
Bibliographic Details
Main Author: Chocholatá, Michaela, 1977-
Format: Book Chapter
Language:English
Tags: Add Tag
No Tags, Be the first to tag this record!

MARC

LEADER 00000naa$a2200000$$$4500
001 0237456
005 20240502073832.9
041 0 |a eng 
044 |a SK 
245 1 0 |a Analysis of wage disparities across Slovak district during 2001-2015  |c Michaela Chocholatá 
500 |a Abstrakt 
100 1 |a Chocholatá, Michaela, 1977-